Protecting and improving Scotland's environment (Record no. 110393)

MARC details
000 -LEADER
fixed length control field 00977cad a22002175a 4500
001 - CONTROL NUMBER
control field E149162
008 - FIXED-LENGTH DATA ELEMENTS--GENERAL INFORMATION
fixed length control field 100120s2010 xxk f 000 0 eng d
020 ## - INTERNATIONAL STANDARD BOOK NUMBER
International Standard Book Number 9781906752705
035 ## - SYSTEM CONTROL NUMBER
System control number (Sirsi) u149162
041 0# - LANGUAGE CODE
Language code of text/sound track or separate title eng
110 2# - MAIN ENTRY--CORPORATE NAME
Corporate name or jurisdiction name as entry element Audit Scotland
9 (RLIN) 3963
245 00 - TITLE STATEMENT
Title Protecting and improving Scotland's environment
Medium [electronic resource]
260 ## - PUBLICATION, DISTRIBUTION, ETC.
Place of publication, distribution, etc. Edinburgh
Name of publisher, distributor, etc. Audit Scotland
Date of publication, distribution, etc. 2010
520 ## - SUMMARY, ETC.
Summary, etc. Gives an overview of the Scottish public sector's performance against targets for: improving air quality; protecting and improving the water environment; protecting and improving biodiversity; improving waste management. Concludes that a number of targets have not been met or may not be met.
521 ## - TARGET AUDIENCE NOTE
Target audience note Advanced
590 ## - LOCAL NOTE (RLIN)
Local note KA
651 #4 - SUBJECT ADDED ENTRY--GEOGRAPHIC NAME
Geographic name Scotland
Chronological subdivision 1999-
690 ## - LOCAL SUBJECT ADDED ENTRY--TOPICAL TERM (OCLC, RLIN)
Topical term or geographic name as entry element ENVIRONMENTAL AND LAND CONSULTANCY
856 40 - ELECTRONIC LOCATION AND ACCESS
Uniform Resource Identifier <a href="https://www.audit-scotland.gov.uk/media/article.php?id=123">https://www.audit-scotland.gov.uk/media/article.php?id=123</a>
Public note View the report free of charge at www.audit-scotland.gov.uk...
942 ## - ADDED ENTRY ELEMENTS (KOHA)
Suppress in OPAC 0
Holdings
Withdrawn status Lost status Source of classification or shelving scheme Damaged status Not for loan Home library Current library Shelving location Date acquired Total Checkouts Full call number Barcode Date last seen Copy number Price effective from Koha item type
    Dewey Decimal Classification     Virtual Virtual Online 20/01/2010   ONLINE PUBLICATION 149162-2001 06/08/2019 1 06/08/2019 Book